000 00585nam a22001337a 4500
040 _cRUA
082 _aAGR SEN 1999 B024 Or.1
100 _aSENG, CHANNAROM.
245 _aHarvesting and processing of latex at chamcar ondong rubber plantation ការប្រមូលផល និងការកែច្នៃជ័រកៅស៊ូនៅចំការកៅស៊ូចំការអណ្ដូង
260 _aPhnom Penh
_bRUA
_c1999
300 _a53p.
_bill.
_c1999
856 _uhttps://drive.google.com/file/d/1UVei1TME8h2sX5zs97Op4K4JfW5n1L9h/view?usp=sharing
942 _cAGR
999 _c470
_d470